Zariadenie na registráciu času do prierazu

Bibliographic Details
Main Author: Illés, Andrej (Author)
Format: Article
Language:Slovak

MARC

LEADER 00000nab a2200000uu 4500
001 vtls011499778
003 SK-MaSNL
005 20260303133635.0
008 230218|1979 xo |||||||||||||||||slo|
015 |a SNBRB 
035 |a (urnnbn)urn:nbn:sk:snk:ar-a0acj8 
035 |a (uuid)00dfa50f-dfd3-411a-a875-d92c5d3eb252 
035 |a urn:nbn:sk:snk-abduic 
040 |a SNKBUCL  |b slo  |c SNKBUCL  |e AACR2 
041 0 |a slo 
044 |a xo  |c SK 
100 1 |a Illés, Andrej  |4 aut  |9 1152551 
245 1 0 |a Zariadenie na registráciu času do prierazu  |c Andrej Illés 
773 0 |t Elektroizolačná a káblová technika - Ekt : časopis Výskumného ústavu káblov a izolantov v Bratislave  |g Roč. 32, č. 4 (1979), s. 240-242 
954 |a odborná, vedecká literatúra pôvodná (slovenská)  |2 lita 
958 |a OND 
958 |a EUIPO 
958 |a article20 
999 |c 1958024  |d 1959954